2023 MLB All-Stars - Statistics

General Stats
  • This quiz has been taken 72 times
  • The average score is 48 of 78
Answer Stats
Team-Number-Position Answer % Correct
NYY-99-OF (INJ) Aaron Judge
96%
LAA-27-OF (INJ) Mike Trout
95%
TEX-2-IF Marcus Semien
93%
LAA-17-P/DH Shohei Ohtani
93%
LAA-17-P/DH Shohei Ohtani
93%
TOR-11-IF Bo Bichette
91%
TEX-5-IF Corey Seager
91%
KC-13-C Salvador Perez
89%
BAL-35-C Adley Rutschman
88%
NYY-45-P Gerrit Cole
88%
TEX-28-C Jonah Heim
86%
TB-56-OF Randy Arozarena
86%
TOR-27-IF Vladimir Guerrero Jr.
86%
TEX-53-OF Adolis García
84%
HOU-30-OF Kyle Tucker
84%
COL-35-C Elías Díaz
80%
CLE-11-IF José Ramirez
80%
SEA-44-OF Julio Rodriguez
80%
CWS-88-OF Luis Robert Jr.
80%
TB-2-IF Yandy Díaz
80%
CIN-43-P Alexis Diaz
79%
SEA-58-P Luis Castillo
79%
HOU-44-OF (INJ) Yordan Alvarez
77%
TEX-6-F Josh Jung
75%
HOU-59-P (INJ) Framber Valdez
73%
TOR-34-P (INJ) Kevin Gausman
71%
TB-5-IF Wander Franco
66%
CLE-48-P (INJ) Emmanuel Clase
64%
LAD-50-OF Mookie Betts
64%
TEX-17-P Nathan Eovaldi
64%
WAS-40-P Josiah Gray
63%
ATL-28-IF Matt Olson
63%
ATL-13-OF Ronald Acuña Jr.
63%
BAL-74-P Félix Bautista
61%
LAD-5-IF Freddie Freeman
61%
BOS-74-P Kenley Jansen
61%
MIN-54-P Sonny Gray
61%
TOR-15-IF Whit Merrifield
61%
ATL-27-IF Austin Riley
59%
OAK-25-OF Brent Rooker
59%
SD-22-OF Juan Soto
59%
STL-28-IF Nolan Arenado
59%
MIN-49-P Pablo López
59%
ATL-12-C Sean Murphy
59%
LAD-16-C Will Smith
59%
ARI-7-OF Corbin Carroll
57%
NYM-20-IF Pete Alonso
57%
TB-18-P (INJ) Shane McClanahan
57%
ATL-11-IF Orlando Arcia
55%
LAD-28-DH J.D. Martinez
54%
MIA-3-IF Luis Arraez
54%
ATL-2-IF Ozzie Albies
54%
ATL-99-P (INJ) Spencer Strider
54%
LAD-22-P (INJ) Clayton Kershaw
52%
CHI-7-IF (INJ) Dansby Swanson
52%
ARI-23-P Zac Gallen
52%
BAL-21-OF Austin Hays
50%
MIL-39-P Corbin Burnes
48%
TOR-68-P Jordan Romano
48%
PHI-8-OF Nick Castellanos
48%
BAL-78-P Yennier Cano
48%
SD-71-P Josh Hader
46%
DET(NOW PHI)-22-P Michael Lorenzen
46%
MIL-38-P (INJ) Devin Williams
45%
MIA-12-OF Jorge Soler
45%
SEA-68-P George Kirby
43%
CHI-35-P Justin Steele
43%
ARI-12-OF Lourdes Gurriel Jr.
41%
CHI-0-P (INJ) Marcus Stroman
41%
ARI-2-IF Geraldo Perdomo
38%
NYM-34-P Kodai Senga
36%
PIT-23-P Mitch Keller
36%
ATL-55-P (INJ) Bryce Elder
34%
SF-75-P Camilo Doval
34%
PHI-31-P Craig Kimbrel
34%
PIT-51-P David Bednar
34%
LAA-53-P Carlos Estévez
29%
SF-38-P Alex Cobb
25%
No matching quizzes found
Score Distribution
Percent of People with Each Score
Percentile by Number Answered
Your Score History
You have not taken this quiz